The ABCs of Law School A Practical Guide To Success Without Sacrifice /

Bibliographic Details
Main Author: All, Ramsey
Other Authors: Batista, Daniel, Christensen, Koker, Cooper, Ian
Format: eBook
Language:English
Published: Toronto: Irwin Law Inc., 2002
Subjects:
Online Access:Acceso restringido

MARC

LEADER 00000nam a22000007a 4500
005 20210804114356.0
007 cr|||| ||||
008 210804s2002 ca |||||s|||| 00||0 eng d
020 |a 9781552212585 
035 |a 34855 
040 |a vLex 
090 |c 11894  |d 11894 
100 1 |a All, Ramsey 
245 1 3 |a The ABCs of Law School  |h [Recurso electrn̤ico] :  |b A Practical Guide To Success Without Sacrifice /  |c Ramsey All, Daniel Batista, Koker Christensen, Ian Cooper 
256 |a Servicio en ln̕ea 
260 |a Toronto:  |b Irwin Law Inc.,  |c 2002 
300 |a 1 recurso electrn̤ico 
500 |a Do you ever wish you could go back in time and get a second kick at the can? Many law school graduates do. Why? Because they could have done better with less work, if only they knew then what they know now... Law school can and should be engaging, rewarding and manageable. The ABCs of Law School will give you the skills to get the most out of law school the first time around. In it, you will find a systematic guide to law school success—one that entertains as it informs. This book is essential reading for any aspiring law student! 
506 1 |a Disponible solo en los productos indicados  |d vLex Global  |d vLex Global (Academic Edition, excluding Law Schools)  |d vLex Global (U.S. Academic Edition, Law Schools)  |d vLex Global (U.S. Academic Edition, excluding Law Schools)  |d vLex Global (Academic Edition, Law Schools) 
650 0 4 |a Derecho Pb︢lico y Administrativo  |z Canad̀ 
650 0 4 |a Educacin̤  |z Canad̀ 
700 1 |a Batista, Daniel 
700 1 |a Christensen, Koker 
700 1 |a Cooper, Ian 
740 0 |a vLex Libros (Servicio en ln̕ea) 
856 4 0 |u https://app.vlex.com/#/sources/34855  |z Acceso restringido 
942 |c BOOK 
999 0 |a Public and Administrative Law 
999 0 |a Education